LEADER 01139nam a2200265 u 4500 001 000000052980 003 CaOOAMICUS 005 20070226115517.0 008 001031s2000 sp u000 u spa u 035 $a10859997 040 $aPUL$bita 100 1 $aRichi Alberti, Gabriel,$d1966-$0(OLS)http://pul/name/37725 245 10$aTeología del misterio :$bel pensamiento teológico de Marie-Joseph Le Guillou O.P. /$cGabriel Richi Alberti. 260 $aMadrid :$bEncuentro,$c2000. 300 $a277 p. ;$c23 cm 490 1 $aEnsayos ;$v177 504 $aBibliografia in nota. 600 14$aLe Guillou, Marie Joseph,$cO.P.,$d1920-1990.$0(OLS)http://pul/subject/21970 830 0$aEnsayos (Encuentro) ;$v177.$0(OLS)http://pul/title/57458 850 $aPUL 852 $aPUL$W1$xSL Religione 1$y3$m65 E 109$j69943$nBK-PRI$b $qStampati$B69943$CPULBib$Z2$F69943 $H $81 941 1 $a8 961 $aINV: 82996 996 $6245$aTeología del misterio :$bel pensamiento teológico de Marie-Joseph Le Guillou O.P.$9(OLS)http://pul/title/71067 996 $6260$aMadrid :$bEncuentro$9(OLS)http://pul/publisher/64926 LEADER 01289nam a2200289 u 4500 001 000000066804 003 CaOOAMICUS 005 20070226121621.0 008 020124s1992 it u000 u ita u 035 $a10917855 040 $aPUL(R)$bita 100 1 $aAlici, Luigi.$0(OLS)http://pul/name/3225 245 10$aInteriorità :$bprincipio della filosofia /$ca cura di Salvino Biolo ; L. Alici ... [et al.]. 260 $aGenova :$bMarietti,$c1992. 300 $a224 p. ;$c21 cm 490 1 $aSaggi e ricerche (Centro di studi filosofici di Gallarate) 500 $aSul front. : "Contributi al XLV Convegno del Centro di Studi Filosofici di Gallarate, Aprile 1990". 504 $aBibliografia: p. 215-222. 650 4$aFilosofia.$0(OLS)http://pul/subject/362 700 1 $aBiolo, Salvino,$cS.I.$0(OLS)http://pul/name/2806 830 0$aSaggi e ricerche (Centro di studi filosofici di Gallarate).$0(OLS)http://pul/title/88670 850 $aPUL 852 $aPUL$W1$xSL Filosofia 1$y2$m96 H 138$j86398$nBK-PRI$b $qStampati$B86398$CPULBib$Z2$F86398 $H $81 941 1 $a8 961 $aINV: 69949 996 $6245$aInteriorità :$bprincipio della filosofia$9(OLS)http://pul/title/88669 996 $6260$aGenova :$bMarietti$9(OLS)http://pul/publisher/48994